|
|
|
|
| LEADER |
01976cas a2200253 a 4500 |
| 001 |
AALejournalIMF013448 |
| 008 |
230101c9999 xx r poo 0 0eng d |
| 020 |
|
|
|c 30.00 USD
|
| 020 |
|
|
|z 9781475590876
|
| 022 |
|
|
|a 2663-3760
|
| 040 |
|
|
|a BD-DhAAL
|c BD-DhAAL
|
| 110 |
2 |
|
|a International Monetary Fund.
|b Statistics Dept.
|
| 240 |
1 |
0 |
|a Estadisticas de las finanzas publicas: Guia de compilacion para paises en desarrollo.
|l Spanish
|
| 245 |
1 |
0 |
|a Estadisticas de las finanzas publicas :
|b Guia de compilacion para paises en desarrollo.
|
| 264 |
|
1 |
|a Washington, D.C. :
|b International Monetary Fund,
|c 2011.
|
| 300 |
|
|
|a 1 online resource (57 pages)
|
| 490 |
1 |
|
|a Manuals and Guides
|
| 500 |
|
|
|a <strong>Off-Campus Access:</strong> No User ID or Password Required
|
| 500 |
|
|
|a <strong>On-Campus Access:</strong> No User ID or Password Required
|
| 506 |
|
|
|a Electronic access restricted to authorized BRAC University faculty, staff and students
|
| 520 |
3 |
|
|a Estadisticas de finanzas publicas: Guia de compilacion para paises en desarrollo representa un nuevo enfoque del Departamento de Estadistica del FMI para ayudar a los paises en desarrollo a compilar estadisticas de finanzas publicas (EFP) conforme a las directrices del Manual de estadisticas de finanzas publicas 2001 (MEFP 2001). En esta Guia se examinan especificamente temas pertinentes para los paises en desarrollo. Esta Guia se basa en nuestra experiencia en materia de asistencia tecnica y capacitacion adquirida a lo largo de muchos anos para ayudar a los paises miembros a resolver problemas comunes a los que se enfrentan y responder a las preguntas que se plantean con frecuencia. Se utilizan ejemplos, graficos y cuadros para ayudar al lector a comprender mejor los temas examinados.
|
| 538 |
|
|
|a Mode of access: Internet
|
| 830 |
|
0 |
|a Manuals and Guides; MG
|
| 856 |
4 |
0 |
|z Full text available on IMF
|u http://elibrary.imf.org/view/books/069/12186-9781475590876-es/12186-9781475590876-es-book.xml
|z IMF e-Library
|